Influencia de los aditivos superplastificantes en la producción de concreto de alta resistencia
Na minha lista:
| Autor principal: | |
|---|---|
| Formato: | Livro |
| Publicado em: |
San José, Costa Rica
1987
|
| Assuntos: | |
| Tags: |
Adicionar Tag
Sem tags, seja o primeiro a adicionar uma tag!
|
MARC
| LEADER | 00000nam a2200000Ia 4500 | ||
|---|---|---|---|
| 003 | 004552 | ||
| 005 | 20240821114948.0 | ||
| 008 | 140114s1987 cr a m 000 ||s d | ||
| 040 | |c cru CEDI | ||
| 090 | |a TFG 2088 | ||
| 100 | |a Sáenz Montero, Douglas, 1965- |9 3566 | ||
| 245 | |a Influencia de los aditivos superplastificantes en la producción de concreto de alta resistencia | ||
| 260 | |a San José, Costa Rica |c 1987 | ||
| 300 | |a xvi, [163] hojas : ilustraciones ; 28 cm | ||
| 500 | |a Trabajo de graduación (licenciatura en ingeniería civil)--Universidad de Costa Rica. Facultad de Ingeniería. Escuela de Ingeniería Civil | ||
| 501 | |a Director de Trabajo Final de Graduación: Dr. Juan A. Pastor G. | ||
| 650 | |x HORMIGON ARMADO |9 13657 | ||
| 942 | |c TFG |h TFG 2088 |i 004552 |6 TFG_2088_004552000000000 | ||
| 999 | |c 20663 |d 20663 | ||
